000 00348nam a2200145Ia 4500
008 220216s9999 xx 000 0 und d
100 _aJacob K T
245 0 _aPlanting materials and planting
260 _bRubber Board Bulletin
_c1967
300 _a17-Oct
650 _aIndia
650 _aPlanting materials
650 _aRubber
942 _cJS
999 _c65146
_d65146